01136nas a2200337 4500001001300000003000900013005001700022007000300039008003400042040005400076041000900130072000800139100001900147100002100166100002300187100001500210100002100225245009500246650001100341650002300352650001500375650002100390650001000411650001400421773009500435856003400530909004000564942001800604999001900622952015700641BR2017001486BR-BrBNA20231205130946.0ta230509b bl.|||p| |||| 00| 00por d aBR-BrBNAbporcBiblioteca Nacional de Agricultura a(Pt) aH201 aMatos, J.P. de1 aSilva, M. dos S.1 aSantos, F.C.P. dos1 aSantos, A.1 aCoqueiro, D.S.O.1 aÓleos essenciais com alternativa para o controle do Colletotrichum coffeanum no cafeeiro aCAFÉ aDOENÇA DE PLANTA aANTRACNOSE aÓLEO ESSENCIAL aMENTA aCITRONELA0 tAgrotrópica (Brazil)xISSN 0103-3816 g(Sep-Dec 2016), v. 28(3) p. 267-276wBR201700148640dLink DSPACE/MAPA BR2017001486 a202311bLúciac55dLúcia Elande 2AGRISn0cANA c252283d252283 002AGRIS4071a41918b41918cPeriódicos Agrícolash(Sep-Dec 2016), v. 28(3) p. 267-276l0r2023-11-29t01yCRePortaria Interministerial nº 164/94